| 000 | 01093cam a2200301 4500 | ||
|---|---|---|---|
| 001 | M937 | ||
| 008 | 090401t1992 xxu||||| |||| 00| 0 eng d | ||
| 035 | _a(Sirsi) u6503 | ||
| 041 | _aeng | ||
| 050 | _a333.332 | ||
| 090 | _aRICS 1992/51ABCD | ||
| 110 |
_aRoyal Institution of Chartered Surveyors _94900 |
||
| 245 | 4 | _aThe valuation of commercial and industrial property: guidance to clients & model conditions of engagement effective from 1 June 1992. | |
| 250 | _aRevised ed. | ||
| 260 |
_aLondon _bRICS _c1992 |
||
| 300 | _a1 folded sheet(6p.) ; 21x10cm. | ||
| 350 | _a0 | ||
| 520 | _aSUPERSEDED: Replaced by 4th edition, The Valuation of Business Property: Guidance to Clients and Model Conditions of Engagement for Valuations (RICS 1996/29). Model Conditions of Contract inserted as separate sheet. | ||
| 650 | _aPROPERTY-COMMERCIAL PROPERTY | ||
| 650 | _aCONDITIONS OF ENGAGEMENT | ||
| 650 | _aGUIDANCE NOTES | ||
| 650 | _aINDUSTRIAL PROPERTY | ||
| 650 | _aRICS | ||
| 650 |
_aValuation _96273 |
||
| 690 | _aRATING AND VALUATION | ||
| 942 | _n0 | ||
| 948 | _c04/03/1997 | ||
| 999 |
_c86318 _d86318 |
||